Normal view
MARC view
- Di Mari,Anthony
Entry Personal Name
001 - CONTROL NUMBER
- control field: 121782
003 - CONTROL NUMBER IDENTIFIER
- control field: NUST
005 - DATE AND TIME OF LATEST TRANSACTION
- control field: 20240304120352.0
008 - FIXED-LENGTH DATA ELEMENTS
- fixed length control field: 240304|| aca||aabn | a|a d
040 ## - CATALOGING SOURCE
- Original cataloging agency: NUST
- Transcribing agency: NUST
100 ## - HEADING--PERSONAL NAME
- Personal name: Di Mari,Anthony
670 ## - SOURCE DATA FOUND
- Source citation: Work cat.: (NUST): Di Mari,Anthony, Operative Design: , 2012.
